000
00311nam a22001337a 4500
003
OSt
008
150208b xxu||||| |||| 00| 0 eng d
100
1
_a
Ralls, Karen
020
_a
Templars and the Gra
041
_a
eng
245
1
0
_a
Templars and the Grail, The
246
1
0
_a
Knights of the Quest
300
_a
0 pages
999
_c
638
_d
638